书目信息 |
| 题名: |
历史的技艺
|
|
| 作者: | 塔奇曼 著 ;张孝铎 译 | |
| 分册: | ||
| 出版信息: | 北京 中信出版社 2016.2 |
|
| 页数: | 289页 | |
| 开本: | 24cm | |
| 丛书名: | ||
| 单 册: | ||
| 中图分类: | K061 | |
| 科图分类: | ||
| 主题词: | 史学--研究方法 | |
| 电子资源: | ||
| ISBN: | 978-7-5086-5461-4 | |
| 000 | 01040nam0 2200289 450 | |
| 001 | 351858 | |
| 005 | 20161017160657.84 | |
| 010 | @a978-7-5086-5461-4@dCNY48.00 | |
| 100 | @a20160406d2016 em y0chiy50 ea | |
| 101 | 1 | @achi@ceng |
| 102 | @aCN@b110000 | |
| 105 | @aa z 000yy | |
| 106 | @ar | |
| 200 | 1 | @a历史的技艺@e塔奇曼论历史@dPracticing history@eselected essays@f(美)巴巴拉·W·塔奇曼著@g张孝铎译@zeng |
| 210 | @a北京@c中信出版社@d2016.2 | |
| 215 | @a289页@c图@d24cm | |
| 300 | @a巴巴拉·W. 塔奇曼作品 03 | |
| 306 | @a本书限中国大陆发行销售 | |
| 330 | @a本书是巴巴拉晚年编著的一本历史类文章的集合,分为“历史技艺”、“写作成果”和“学习历史三个部分。作者以其独特的视角观察历史,洞察美国的过去和现在,感悟出深刻的教训。 | |
| 510 | 1 | @aPracticing history@eselected essays@zeng |
| 517 | 1 | @a塔奇曼论历史 |
| 606 | 0 | @a史学@x研究方法 |
| 690 | @aK061@v5 | |
| 701 | 0 | @c(美)@a塔奇曼@c(女,Tuchman, Barbara W.@f1912~1989)@4著 |
| 702 | 0 | @a张孝铎@4译 |
| 801 | 0 | @aCN@bTANGWEI@c20161010 |
| 905 | @b0896870-4@dK061@e68@f5 | |
| 历史的技艺:塔奇曼论历史=Practicing history:selected essays/(美)巴巴拉·W·塔奇曼著/张孝铎译.-北京:中信出版社,2016.2 |
| 289页:图;24cm |
| 巴巴拉·W. 塔奇曼作品 03 |
| ISBN 978-7-5086-5461-4:CNY48.00 |
| 本书是巴巴拉晚年编著的一本历史类文章的集合,分为“历史技艺”、“写作成果”和“学习历史三个部分。作者以其独特的视角观察历史,洞察美国的过去和现在,感悟出深刻的教训。 |
| ● |
| 相关链接 |
|
|
|
|
正题名:历史的技艺
索取号:K061/68
 
预约/预借
| 序号 | 登录号 | 条形码 | 馆藏地/架位号 | 状态 | 备注 |
| 1 | 0896870 | 208968704 | 第二样本阅览室/ [索取号:K061/68] | 在馆 | |
| 2 | 0896871 | 208968713 | 第二借阅区/ [索取号:K061/68] | 在馆 | |
| 3 | 0896872 | 208968722 | 第二借阅区/ [索取号:K061/68] | 在馆 | |
| 4 | 0896873 | 208968731 | 第二借阅区/ [索取号:K061/68] | 在馆 | |
| 5 | 0896874 | 208968740 | 密集书库-史法系/ [索取号:K061/68] | 在馆 |